Tales of the mystic east : (Record no. 135277)

MARC details
000 -LEADER
fixed length control field 00731nam a22002297a 4500
005 - DATE AND TIME OF LATEST TRANSACTION
control field 20170124110242.0
010 ## - LIBRARY OF CONGRESS CONTROL NUMBER
LC control number A-953743
020 ## - INTERNATIONAL STANDARD BOOK NUMBER
Terms of availability 00.00
035 ## - SYSTEM CONTROL NUMBER
System control number A-953743
037 ## - SOURCE OF ACQUISITION
Source of stock number/acquisition Cen Lib/Ret
040 ## - CATALOGING SOURCE
Original cataloging agency DPL
Language of cataloging EN
082 ## - DEWEY DECIMAL CLASSIFICATION NUMBER
Classification number 239.1
Item number TAL
110 ## - MAIN ENTRY--CORPORATE NAME
Subordinate unit Radha Soami Satsang Beas
9 (RLIN) 95824
245 ## - TITLE STATEMENT
Title Tales of the mystic east :
Statement of responsibility, etc by Radha Soami Satsang Beas
Remainder of title an anthology of mystic and moral tales taken from the teachings of the Saints /
250 ## - EDITION STATEMENT
Edition statement 9th ed
260 ## - PUBLICATION, DISTRIBUTION, ETC. (IMPRINT)
Place of publication, distribution, etc Punjab
Name of publisher, distributor, etc Radha Soami Satsang Beas
Date of publication, distribution, etc 1997
300 ## - PHYSICAL DESCRIPTION
Extent xviii,300p.
Dimensions 21cm(Hb)
500 ## - GENERAL NOTE
General note Includes index
650 ## - SUBJECT ADDED ENTRY--TOPICAL TERM
Topical term or geographic name as entry element Radhasoami Satsang.
9 (RLIN) 95825
650 ## - SUBJECT ADDED ENTRY--TOPICAL TERM
Topical term or geographic name as entry element Mysticism -- India.
9 (RLIN) 95826
942 ## - ADDED ENTRY ELEMENTS (KOHA)
Source of classification or shelving scheme Dewey Decimal Classification
Koha item type English Books
Classification part 239.1
Call number suffix TAL
Holdings
Withdrawn status Lost status Damaged status Not for loan Home library Current library Date acquired Source of acquisition Cost, normal purchase price Total Checkouts Full call number Barcode Date last seen Date checked out Copy number Cost, replacement price Price effective from Koha item type
        Central Library Central Library 03/10/2015 Cen Lib/Ret 0.00 1 239.1 TAL A-953743 24/03/2018 10/03/2018 1 0.00 03/10/2015 English Books

© Delhi Public Library
Hit Counter
free hit counter